Boj všetkých proti jednému
Problémy a nedostatky nového dôchodkového systému. Reklama verzus makléri. Dotovanie fondov. Prehľad trhových podielov jednotlivých DSS podľa počtu klientov. Prehľad základných údajov o dôchodkových fondoch.
Saved in:
| Main Author: | |
|---|---|
| Format: | Book Chapter |
| Language: | Slovak |
| Subjects: | |
| Tags: |
No Tags, Be the first to tag this record!
|
MARC
| LEADER | 00000naa$a2200000$$$4500 | ||
|---|---|---|---|
| 001 | 0041888 | ||
| 005 | 20231019083929.1 | ||
| 041 | 0 | |a slo | |
| 044 | |a SK | ||
| 245 | 1 | 0 | |a Boj všetkých proti jednému |c Juraj Kopřiva ml. |
| 520 | |a Problémy a nedostatky nového dôchodkového systému. Reklama verzus makléri. Dotovanie fondov. Prehľad trhových podielov jednotlivých DSS podľa počtu klientov. Prehľad základných údajov o dôchodkových fondoch. | ||
| 610 | 2 | 0 | |a reformy dôchodkové |
| 610 | 2 | 0 | |a spoločnosti dôchodkové doplnkové |
| 610 | 2 | 0 | |a spoločnosti správcovské dôchodkové |
| 610 | 2 | 0 | |a reklama |
| 610 | 2 | 0 | |a makléri |
| 610 | 2 | 0 | |a sporenie dôchodkové doplnkové |
| 610 | 2 | 0 | |a sporenie dôchodkové starobné |
| 610 | 2 | 0 | |a poisťovne dôchodkové doplnkové |
| 100 | 1 | |a Kopřiva, Juraj, ml. | |